01519nam a22003015i 450000100060000000300090000600500170001500700030003200800410003502000180007604000220009408000450011608000460016124502130020726001280042030000210054850001350056965000420070470000420074670000250078871000500081371000600086371001140092385200330103794200080107099900170107895201220109512349ES-MaACL20250902061610.0t|951213s1995 sp ||||0| spa j a84-451-0948-0 aM-BN bspa cM-BN a334.71.025/.027:351.824(4-672 CE)(094.9) a334.71.025/.027:351.824(4-672 CE)(094.92)00aAyudas públicas a empresas b: decisiones de la Comisión Europea, sentencias del Tribunal de Justicia : 1990-1994 / c[coordinación, Jaime Hevia Ruiz ; autores, José Luis Bautista Cordero ... et al.]. aMadrid : bConsejería de Presidencia, Dirección General de Cooperación con el Estado y Asuntos Europeos, cD.L. 1995. a355 p ; c24 cm. a"... actualización del libro del mismo título realizado en 1990 por Teresa Janini Tatay y Javier Calvo García ..."--V. port.14aEmpresas-xAyudas comunitarias9122151 aBautista Cordero, José Luis.9266221 aHevia, Jaime.9635042 aComisión de las Comunidades Europeas.930202 aTribunal de Justicia de las Comunidades Europeas.969821 aMadrid (Comunidad Autónoma). bDirección General de Cooperación con el Estado y Asuntos Europeos.95610 aES-MaACLjL-19695 bR.124442 2udc c12349d12349 00104070aATENEOMbATENEOMcDEPO2d2008-01-17eSCl0oL-19695p1012584r2023-02-23 00:00:00w2023-02-23yMONOGRAFIA